[Event "25th Klatovy B 2017"]
[Site "Klatovy CZE"]
[Date "2017.07.08"]
[Round "8.45"]
[White "Zilava, Anezka"]
[Black "Filip, Petr 1952"]
[Result "1-0"]
[WhiteElo "1245"]
[BlackElo "1372"]
[PlyCount "109"]
[EventDate "2017.07.01"]
[EventType "swiss"]
[EventRounds "9"]
[EventCountry "CZE"]

1. e4 e5 2. Nf3 Nc6 3. Bc4 Nf6 4. Nc3 Be7 5. d4 exd4 6. Nxd4 Ne5 7. Bb3 O-O 8. O-O c6 9. Bf4 Ng6 10. Bg5 h6 11. Be3 Bb4 12. Qd3 Ne5 13. Qe2 Bxc3 14. bxc3 d5 15. Bf4 Ng6 16. Bg3 Re8 17. e5 Ne4 18. f4 f5 19. Qd3 Nc5 20. Qe3 Qb6 21. Bf2 Ne4 22. h3 Kh8 23. c4 c5 24. Ne2 d4 25. Qf3 Bd7 26. Qh5 a5 27. a4 Re6 28. Rad1 Be8 29. Qxf5 Nxf2 30. Rxf2 Nh4 31. Qf8+ Kh7 32. Ng3 Rd8 33. Ne4 Bg6 34. Qxc5 Qa6 35. Ng3 b6 36. Qa3 Qb7 37. f5 Rxe5 38. fxg6+ Nxg6 39. Rfd2 Nf4 40. Ba2 Rde8 41. Qf3 Ng6 42. Qxb7 Rg5 43. Qf7 Re7 44. Qf2 Re3 45. Rd3 Re6 46. Qxd4 Rge5 47. Qc3 Nf4 48. Rd7 Rg5 49. Re1 Reg6 50. Re3 Nh5 51. Rdd3 Nf4 52. Rd2 Nh5 53. Nxh5 Rxh5 54. Rg3 Rf5 55. Rf2 1-0

[Event "25th Klatovy B 2017"]
[Site "Klatovy CZE"]
[Date "2017.07.08"]
[Round "8.46"]
[White "Kalista, Frantisek"]
[Black "Kudrna, Miroslav"]
[Result "1-0"]
[WhiteElo "1000"]
[BlackElo "1569"]
[PlyCount "53"]
[EventDate "2017.07.01"]
[EventType "swiss"]
[EventRounds "9"]
[EventCountry "CZE"]

1. d4 e6 2. c4 d5 3. e3 Nf6 4. Nf3 Nbd7 5. b3 Bb4+ 6. Bd2 c5 7. Bxb4 cxb4 8. Nbd2 a5 9. a3 Ra6 10. Be2 O-O 11. cxd5 Nxd5 12. Bxa6 Nc3 13. Qc1 bxa6 14. axb4 axb4 15. Nb1 Nd5 16. O-O Bb7 17. e4 Nc3 18. Nxc3 bxc3 19. Qxc3 Qf6 20. Rfe1 Rc8 21. Qd3 Qg6 22. Re3 Nf6 23. e5 Nd5 24. Qxg6 hxg6 25. Rd3 Nc3 26. Kf1 Ne4 27. Nd2 1-0

[Event "25th Klatovy B 2017"]
[Site "Klatovy CZE"]
[Date "2017.07.08"]
[Round "8.48"]
[White "Zimmermann, Ladislav"]
[Black "Valdman, Jakub"]
[Result "0-1"]
[WhiteElo "1320"]
[BlackElo "1070"]
[PlyCount "62"]
[EventDate "2017.07.01"]
[EventType "swiss"]
[EventRounds "9"]
[EventCountry "CZE"]

1. e4 e5 2. Nf3 Nc6 3. Bb5 d6 4. d4 Bd7 5. Bxc6 Bxc6 6. d5 Bb5 7. Nc3 Qd7 8. a4 Ba6 9. b4 b6 10. b5 Bb7 11. O-O Nf6 12. Re1 h6 13. h3 Be7 14. Be3 g5 15. Nh2 Rg8 16. f3 h5 17. g4 O-O-O 18. a5 Kb8 19. axb6 axb6 20. Qd3 Rg7 21. Na4 Rh8 22. Kg2 Rgh7 23. Bxg5 hxg4 24. fxg4 Rxh3 25. Qxh3 Rxh3 26. Kxh3 Qxb5 27. Re3 Nxd5 28. Rb3 Qe2 29. Bxe7 Nf4+ 30. Kh4 Qxh2+ 31. Kg5 Ne6+ 0-1

[Event "25th Klatovy B 2017"]
[Site "Klatovy CZE"]
[Date "2017.07.08"]
[Round "8.49"]
[White "Vilimek, Vit"]
[Black "Velkoborsky, Tadeas"]
[Result "0-1"]
[WhiteElo "1276"]
[BlackElo "1100"]
[PlyCount "76"]
[EventDate "2017.07.01"]
[EventType "swiss"]
[EventRounds "9"]
[EventCountry "CZE"]

1. e4 e5 2. Nf3 Nc6 3. Bc4 Bc5 4. d4 Bxd4 5. Nxd4 Nxd4 6. O-O Nf6 7. h3 O-O 8. Bg5 Qe7 9. c3 Ne6 10. Nd2 Nxg5 11. Qc2 d6 12. Rfe1 Be6 13. h4 Ngxe4 14. Bxe6 Nxd2 15. Bxf7+ Qxf7 16. Qxd2 Ng4 17. Re2 Qf6 18. Qd5+ Kh8 19. g3 c6 20. Qd2 Rf7 21. Kg2 Raf8 22. Rf1 Qf5 23. Qe1 Qf3+ 24. Kg1 d5 25. Qd2 e4 26. b4 e3 27. Rxe3 Nxe3 28. Qxe3 Qxe3 29. fxe3 Rxf1+ 30. Kh2 R1f2+ 31. Kh3 Rxa2 32. h5 Ra3 33. Kh4 Rxc3 34. b5 cxb5 35. Kg5 Rxe3 36. g4 h6+ 37. Kh4 Ref3 38. g5 R8f4# 0-1

[Event "25th Klatovy B 2017"]
[Site "Klatovy CZE"]
[Date "2017.07.08"]
[Round "8.50"]
[White "Krejbich, Lukas"]
[Black "Vavrinkova, Marie"]
[Result "1-0"]
[WhiteElo "1041"]
[BlackElo "1130"]
[PlyCount "49"]
[EventDate "2017.07.01"]
[EventType "swiss"]
[EventRounds "9"]
[EventCountry "CZE"]

1. e4 e5 2. Nf3 Nf6 3. Nc3 Bb4 4. Bc4 O-O 5. O-O d6 6. d3 Bg4 7. Be3 Nc6 8. Nd5 Ba5 9. c3 Nd7 10. Qd2 Bxf3 11. gxf3 a6 12. Kh1 b5 13. Bb3 Na7 14. Rg1 c6 15. Bh6 cxd5 16. Rxg7+ Kh8 17. Bxd5 Rb8 18. Rag1 Qf6 19. Qg5 Qxf3+ 20. Qg2 Qf6 21. Qh3 Nb6 22. Bb3 Nc6 23. Rxh7+ Kxh7 24. Bg5+ Kg8 25. Bxf6# 1-0

[Event "25th Klatovy B 2017"]
[Site "Klatovy CZE"]
[Date "2017.07.08"]
[Round "8.51"]
[White "Langova, Hana"]
[Black "Bukvaj, Martin"]
[Result "1-0"]
[WhiteElo "1000"]
[BlackElo "1100"]
[PlyCount "165"]
[EventDate "2017.07.01"]
[EventType "swiss"]
[EventRounds "9"]
[EventCountry "CZE"]

1. e4 e5 2. Nf3 Nc6 3. Bc4 Bc5 4. c3 Nf6 5. d4 exd4 6. cxd4 Bb4+ 7. Nc3 Bxc3+ 8. bxc3 Nxe4 9. O-O Nxc3 10. Re1+ Ne7 11. Qc2 d5 12. Bd3 Ne4 13. Bb5+ c6 14. Bd3 Bf5 15. Bg5 h6 16. Bf4 g5 17. Be5 Rh7 18. Rab1 Rb8 19. Qa4 Nc3 20. Qb3 Nxb1 21. Bxb8 Qxb8 22. Rxb1 Bxd3 23. Qxd3 Rh8 24. Re1 Qc7 25. Qa3 a6 26. Qa4 g4 27. Ne5 h5 28. Qd1 Rh6 29. Qd2 Re6 30. Nd3 Rxe1+ 31. Nxe1 h4 32. Qg5 Qa5 33. Kf1 Qxa2 34. Qxh4 b5 35. Qxg4 b4 36. Nd3 Qb1+ 37. Ke2 Qc2+ 38. Ke3 b3 39. Qe2 Qxe2+ 40. Kxe2 a5 41. Kd2 Kd7 42. Kc1 Kc7 43. Kb2 Kb6 44. h4 Kc7 45. Kxb3 Kd6 46. h5 Ng8 47. g4 Ke6 48. Nf4+ Kf6 49. f3 Kg5 50. Nd3 f5 51. f4+ Kxg4 52. Ka4 Kxh5 53. Kxa5 Ne7 54. Kb6 Kg6 55. Kc7 Kf7 56. Kd7 Kf8 57. Ne5 Ng8 58. Ke6 Ne7 59. Kd6 Ke8 60. Nxc6 Nxc6 61. Kxc6 Ke7 62. Kxd5 Kf6 63. Kd6 Kf7 64. Ke5 Kg6 65. d5 Kf7 66. Kxf5 Ke7 67. Ke5 Ke8 68. Ke6 Kd8 69. d6 Ke8 70. f5 Kd8 71. d7 Kc7 72. Ke7 Kb7 73. d8=Q Ka7 74. Qc8 Kb6 75. Kd7 Kb5 76. Qc6+ Kb4 77. Kd6 Kb3 78. Qc5 Kb2 79. f6 Kb1 80. f7 Kb2 81. f8=R Ka1 82. Qb5 Ka2 83. Ra8# 1-0

[Event "25th Klatovy B 2017"]
[Site "Klatovy CZE"]
[Date "2017.07.08"]
[Round "8.52"]
[White "Palla, Marek"]
[Black "Skalicky, Jindrich"]
[Result "1/2-1/2"]
[WhiteElo "1184"]
[BlackElo "1274"]
[PlyCount "46"]
[EventDate "2017.07.01"]
[EventType "swiss"]
[EventRounds "9"]
[EventCountry "CZE"]

1. e4 c5 2. Nf3 d6 3. d4 cxd4 4. Nxd4 Nf6 5. Nc3 a6 6. Bc4 e6 7. Bg5 b5 8. Bb3 Be7 9. a3 Bb7 10. Qd3 Nc6 11. O-O Nxd4 12. Qxd4 Qc7 13. f4 Qc5 14. Qxc5 dxc5 15. e5 Ne4 16. Nxe4 Bxe4 17. Bxe7 Kxe7 18. Rad1 Rhd8 19. Rxd8 Rxd8 20. c4 Rd2 21. Rf2 Rxf2 22. Kxf2 f5 23. h3 h6 1/2-1/2

[Event "25th Klatovy B 2017"]
[Site "Klatovy CZE"]
[Date "2017.07.08"]
[Round "8.53"]
[White "Bukvaj, Jan"]
[Black "Velkoborsky, Jan"]
[Result "0-1"]
[WhiteElo "1100"]
[BlackElo "1058"]
[PlyCount "58"]
[EventDate "2017.07.01"]
[EventType "swiss"]
[EventRounds "9"]
[EventCountry "CZE"]

1. e4 e5 2. d4 exd4 3. Qxd4 Nc6 4. Qd1 Nf6 5. Nc3 Bb4 6. Nf3 d6 7. Bd3 Bg4 8. Be3 Bc5 9. Bxc5 dxc5 10. O-O Nd4 11. h3 Bxf3 12. gxf3 Nd7 13. Qe1 Nxf3+ 14. Kg2 Nxe1+ 15. Rfxe1 Qg5+ 16. Kf1 Ne5 17. Nd5 O-O 18. Nxc7 Rac8 19. Nd5 c4 20. Be2 Rc6 21. Bg4 h5 22. Be2 Rg6 23. Bd1 Qh4 24. Ke2 Nd7 25. b3 Qxe4+ 26. Kd2 Qxd5+ 27. Kc1 c3 28. Re7 Rd6 29. Rxd7 Qxd1# 0-1

[Event "25th Klatovy B 2017"]
[Site "Klatovy CZE"]
[Date "2017.07.08"]
[Round "8.54"]
[White "Stegner, Mathias 2007"]
[Black "Skrivan, Matej 2008"]
[Result "1-0"]
[WhiteElo "1100"]
[BlackElo "1100"]
[PlyCount "57"]
[EventDate "2017.07.01"]
[EventType "swiss"]
[EventRounds "9"]
[EventCountry "CZE"]

1. c4 c5 2. Nc3 g6 3. e4 Nc6 4. d3 Bg7 5. Nf3 Nf6 6. Bg5 O-O 7. Bxf6 Bxf6 8. Be2 Nd4 9. Nxd4 Bxd4 10. O-O Bxc3 11. bxc3 d6 12. d4 Be6 13. d5 Bd7 14. Rb1 Qa5 15. Rxb7 Ba4 16. Qe1 e6 17. dxe6 d5 18. exd5 Qd8 19. e7 Qd6 20. exf8=Q+ Kxf8 21. Bd1 Bxd1 22. Qxd1 Rb8 23. Rxb8+ Qxb8 24. d6 Qd8 25. Qd5 Qb6 26. d7 Ke7 27. Re1+ Kd8 28. Re8+ Kc7 29. d8=Q# 1-0

[Event "25th Klatovy B 2017"]
[Site "Klatovy CZE"]
[Date "2017.07.09"]
[Round "9.1"]
[White "Soukal, Roman"]
[Black "Jirasek, Jiri"]
[Result "1-0"]
[WhiteElo "1931"]
[BlackElo "1874"]
[PlyCount "98"]
[EventDate "2017.07.01"]
[EventType "swiss"]
[EventRounds "9"]
[EventCountry "CZE"]

1. e4 e5 2. Nf3 Nc6 3. d4 exd4 4. Bc4 Bc5 5. c3 dxc3 6. Bxf7+ Kxf7 7. Qd5+ Kf8 8. Qxc5+ Qe7 9. Qxe7+ Ngxe7 10. Nxc3 a6 11. e5 h6 12. Be3 Kf7 13. O-O-O Re8 14. Rhe1 b5 15. Bc5 Rb8 16. Nd4 b4 17. Nxc6 Nxc6 18. Nd5 Rb7 19. f4 a5 20. b3 Na7 21. Kb2 Nb5 22. Rc1 c6 23. Ne3 Rb8 24. Nc4 Ra8 25. Rcd1 Ke6 26. g4 g6 27. f5+ gxf5 28. gxf5+ Kxf5 29. Rf1+ Kg6 30. Rg1+ Kh7 31. Rdf1 d6 32. Rf7+ Kh8 33. Nxd6 Be6 34. Rf6 Re7 35. Rxh6+ Rh7 36. Rxe6 Rxh2+ 37. Kc1 Nc3 38. Re8+ Rxe8 39. Nxe8 Nxa2+ 40. Kd1 Nc3+ 41. Ke1 Kh7 42. Rg7+ Kh8 43. Rg6 Kh7 44. Rg7+ Kh8 45. Rc7 Rh1+ 46. Kf2 Rb1 47. Nf6 Rh1 48. e6 Rh6 49. Bd4 Nb5 1-0

[Event "25th Klatovy B 2017"]
[Site "Klatovy CZE"]
[Date "2017.07.09"]
[Round "9.2"]
[White "Cyron, Karel"]
[Black "Esterka, Jan"]
[Result "1-0"]
[WhiteElo "1774"]
[BlackElo "1827"]
[PlyCount "58"]
[EventDate "2017.07.01"]
[EventType "swiss"]
[EventRounds "9"]
[EventCountry "CZE"]

1. e4 e5 2. Nf3 Nc6 3. Bc4 Nf6 4. Ng5 d5 5. exd5 Nxd5 6. Nxf7 Kxf7 7. Qf3+ Ke6 8. Nc3 Nce7 9. Ne4 c6 10. Ng5+ Kd7 11. Nf7 Qe8 12. Nxh8 Kc7 13. Nf7 Be6 14. Nxe5 Rd8 15. O-O Nc8 16. c3 Bd6 17. d4 Ncb6 18. Bb3 Nf6 19. Bxe6 Qxe6 20. h3 a5 21. b3 Nfd7 22. Qf7 Qxf7 23. Nxf7 Re8 24. Nxd6 Kxd6 25. Bf4+ Kd5 26. Rfe1 Rxe1+ 27. Rxe1 c5 28. dxc5 Kxc5 29. Be3+ Kc6 1-0

[Event "25th Klatovy B 2017"]
[Site "Klatovy CZE"]
[Date "2017.07.09"]
[Round "9.3"]
[White "Masek, Jan"]
[Black "Chmelik, Ladislav"]
[Result "1-0"]
[WhiteElo "1915"]
[BlackElo "1739"]
[PlyCount "33"]
[EventDate "2017.07.01"]
[EventType "swiss"]
[EventRounds "9"]
[EventCountry "CZE"]

1. e4 c5 2. Bc4 e6 3. Qe2 Be7 4. Nf3 d5 5. Bb5+ Bd7 6. exd5 exd5 7. Nc3 a6 8. Bxd7+ Qxd7 9. O-O Nf6 10. Re1 d4 11. Na4 Nd5 12. Nxc5 Qc7 13. Nb3 Nc6 14. Nbxd4 Ncb4 15. d3 Rc8 16. c4 Nf4 17. Bxf4 1-0

[Event "25th Klatovy B 2017"]
[Site "Klatovy CZE"]
[Date "2017.07.09"]
[Round "9.4"]
[White "Parpel, Petr"]
[Black "Mejzr, Jan"]
[Result "0-1"]
[WhiteElo "1758"]
[BlackElo "1901"]
[PlyCount "40"]
[EventDate "2017.07.01"]
[EventType "swiss"]
[EventRounds "9"]
[EventCountry "CZE"]

1. d4 Nf6 2. c4 c5 3. d5 b5 4. e3 bxc4 5. Bxc4 d6 6. Nc3 g6 7. Nge2 Bg7 8. O-O O-O 9. e4 Nbd7 10. f4 Nb6 11. Qd3 Nxc4 12. Qxc4 Nd7 13. b3 Qa5 14. Bb2 Ba6 15. Qa4 Qxa4 16. Nxa4 Bxe2 17. Bxg7 Kxg7 18. Rf2 Ba6 19. Rc1 Rab8 20. Rc3 Nf6 0-1

[Event "25th Klatovy B 2017"]
[Site "Klatovy CZE"]
[Date "2017.07.09"]
[Round "9.5"]
[White "Flajsman, Pavel"]
[Black "Krupansky, Jaromir"]
[Result "0-1"]
[WhiteElo "1736"]
[BlackElo "1764"]
[PlyCount "142"]
[EventDate "2017.07.01"]
[EventType "swiss"]
[EventRounds "9"]
[EventCountry "CZE"]

1. e4 c5 2. Nf3 Nc6 3. Nc3 g6 4. Bb5 Bg7 5. h3 Nf6 6. e5 Ng8 7. Bxc6 bxc6 8. Qe2 d6 9. exd6 Qxd6 10. Ne4 Qd5 11. c4 Qd8 12. Nxc5 Rb8 13. Ne4 Nf6 14. d4 Nxe4 15. Qxe4 O-O 16. O-O Bf5 17. Qe3 Qc7 18. b3 a5 19. Ba3 Rfe8 20. Rad1 a4 21. b4 Be6 22. Qc3 Red8 23. Rfe1 Qf4 24. Bc1 Qd6 25. Ba3 Qc7 26. Bb2 Qb7 27. Ba3 Qb6 28. Re2 Rb7 29. Red2 Bh6 30. Re2 Qa6 31. Rc2 Bf5 32. Rb2 Bg7 33. Re2 Be6 34. Rc2 Rbd7 35. Bb2 Qa7 36. Rcd2 Bf5 37. g4 Be6 38. Ng5 Rd6 39. c5 Rd5 40. Nxe6 fxe6 41. Qe3 Qd7 42. Bc3 Rf8 43. Re1 Rf6 44. Rde2 Kf7 45. h4 e5 46. dxe5 Qxg4+ 47. Qg3 Qxg3+ 48. fxg3 Rf3 49. e6+ Kg8 50. Bxg7 Kxg7 51. Re3 Rd3 52. Rxf3 Rxf3 53. Kg2 Rd3 54. Kf2 Kf6 55. Kg2 Rd2+ 56. Kf3 Rxa2 57. g4 Rb2 58. Re4 a3 59. Re3 a2 60. Ra3 Rb3+ 61. Rxb3 a1=Q 62. Re3 Qd1+ 63. Kg3 Qg1+ 64. Kf3 h6 65. Kf4 Qh2+ 66. Kf3 Qxh4 67. Re4 g5 68. Kg2 h5 69. b5 hxg4 70. bxc6 Qh3+ 71. Kg1 Qg3+ 0-1

[Event "25th Klatovy B 2017"]
[Site "Klatovy CZE"]
[Date "2017.07.09"]
[Round "9.6"]
[White "Kaspar, Lukas"]
[Black "Hartmann, Andreas 1969"]
[Result "1/2-1/2"]
[WhiteElo "1764"]
[BlackElo "1685"]
[PlyCount "53"]
[EventDate "2017.07.01"]
[EventType "swiss"]
[EventRounds "9"]
[EventCountry "CZE"]

1. e4 g6 2. d4 d6 3. Nf3 Bg7 4. c4 Nf6 5. Nc3 Nc6 6. Be2 Bg4 7. O-O Bxf3 8. Bxf3 e5 9. d5 Nd4 10. Be3 Nxf3+ 11. Qxf3 a6 12. c5 O-O 13. b4 Nh5 14. Qd1 Qh4 15. Qd2 Qe7 16. cxd6 cxd6 17. Rfc1 Qd7 18. a4 f5 19. f3 f4 20. Bf2 g5 21. h3 Nf6 22. b5 h5 23. bxa6 bxa6 24. Rab1 g4 25. hxg4 hxg4 26. Kf1 Rfc8 27. Rb6 1/2-1/2

[Event "25th Klatovy B 2017"]
[Site "Klatovy CZE"]
[Date "2017.07.09"]
[Round "9.7"]
[White "Micka, Norbert"]
[Black "Ostry, Michal"]
[Result "1-0"]
[WhiteElo "1823"]
[BlackElo "1743"]
[PlyCount "103"]
[EventDate "2017.07.01"]
[EventType "swiss"]
[EventRounds "9"]
[EventCountry "CZE"]

1. Nf3 d5 2. b3 Bf5 3. Bb2 Nf6 4. e3 e6 5. Be2 c5 6. O-O Be7 7. d3 O-O 8. Nbd2 Nc6 9. Nh4 d4 10. Nxf5 exf5 11. e4 fxe4 12. dxe4 Nd7 13. f4 f6 14. Nf3 Qc7 15. g3 a6 16. Kg2 b5 17. a4 Qb7 18. Nd2 f5 19. Bf3 fxe4 20. Nxe4 Nf6 21. Ng5 Qd7 22. Re1 Nd5 23. Ne6 Rfe8 24. Qd3 Ncb4 25. Qd2 Bd6 26. f5 Rab8 27. Rad1 Qf7 28. Be4 g6 29. g4 Rxe6 30. fxe6 Qxe6 31. Bf3 Ne3+ 32. Rxe3 Qxe3 33. Qxe3 dxe3 34. Rxd6 Nxc2 35. Bd5+ Kf8 36. Kf3 Ke7 37. Rxa6 bxa4 38. Bf6+ Kd7 39. bxa4 Nb4 40. Ra7+ Kd6 41. Bc4 Re8 42. g5 Nc6 43. Ra6 Kc7 44. Bb5 Nb8 45. Ra7+ Kb6 46. Bxe8 Kxa7 47. Kxe3 Kb6 48. Bd8+ Kb7 49. Bb5 Nc6 50. Bxc6+ Kxc6 51. a5 Kb5 52. Kd3 1-0

[Event "25th Klatovy B 2017"]
[Site "Klatovy CZE"]
[Date "2017.07.09"]
[Round "9.8"]
[White "Leseticky, Vladimir"]
[Black "Simacek, Vaclav"]
[Result "0-1"]
[WhiteElo "1685"]
[BlackElo "1830"]
[PlyCount "106"]
[EventDate "2017.07.01"]
[EventType "swiss"]
[EventRounds "9"]
[EventCountry "CZE"]

1. Nf3 Nf6 2. b3 e6 3. Bb2 c5 4. e3 Nc6 5. Be2 b6 6. O-O Be7 7. d4 O-O 8. dxc5 Bxc5 9. c4 Bb7 10. Nc3 Rc8 11. Nb5 d5 12. cxd5 Nxd5 13. Rc1 Qe7 14. a3 Rfd8 15. Nfd4 a6 16. Nxc6 Bxc6 17. Nd4 Bb7 18. b4 Bxd4 19. Qxd4 f6 20. Bd3 e5 21. Qh4 g5 22. Qe4 Nc3 23. Qxh7+ Qxh7 24. Bxh7+ Kxh7 25. Rxc3 Rd2 26. Rxc8 Bxc8 27. Bc1 Ra2 28. h3 Bf5 29. g4 Bc2 30. Kg2 a5 31. bxa5 bxa5 32. Kg3 a4 33. Re1 Bb3 34. Rg1 e4 35. Re1 Kg6 36. Rg1 Rc2 37. Re1 Bc4 38. Rg1 Be2 39. Re1 Bf3 40. Rf1 Kf7 41. Rg1 Ke6 42. Re1 Kd5 43. Rg1 Kc4 44. h4 gxh4+ 45. Kxh4 Rxf2 46. g5 fxg5+ 47. Kxg5 Kc3 48. Kf4 Rg2 49. Re1 Kc2 50. Ke5 Rg8 51. Kd4 Rd8+ 52. Kc4 Rd1 53. Rxd1 Bxd1 0-1

[Event "25th Klatovy B 2017"]
[Site "Klatovy CZE"]
[Date "2017.07.09"]
[Round "9.10"]
[White "Soukup, Jiri1"]
[Black "Zednik, Zdenek"]
[Result "1/2-1/2"]
[WhiteElo "1640"]
[BlackElo "1950"]
[PlyCount "62"]
[EventDate "2017.07.01"]
[EventType "swiss"]
[EventRounds "9"]
[EventCountry "CZE"]

1. e4 c5 2. Nf3 d6 3. d4 cxd4 4. Nxd4 Nf6 5. Nc3 a6 6. Be3 e6 7. Be2 Be7 8. O-O O-O 9. Kh1 b5 10. a3 Bb7 11. Bd3 Nbd7 12. f3 d5 13. exd5 Nxd5 14. Qd2 Nxe3 15. Qxe3 Bf6 16. Ne4 Ne5 17. Nxf6+ Qxf6 18. c3 Bd5 19. Bc2 g6 20. b3 Rfc8 21. Rac1 Nc6 22. Rfd1 Nxd4 23. Rxd4 Rc6 24. c4 bxc4 25. bxc4 Rxc4 26. Rxc4 Bxc4 27. Bxg6 hxg6 28. Rxc4 Qa1+ 29. Rc1 Qb2 30. Qc3 Rb8 31. Kg1 Qxc3 1/2-1/2

[Event "25th Klatovy B 2017"]
[Site "Klatovy CZE"]
[Date "2017.07.09"]
[Round "9.11"]
[White "Svec, Ludek"]
[Black "Berka, Lubos"]
[Result "1-0"]
[WhiteElo "1723"]
[BlackElo "1822"]
[PlyCount "77"]
[EventDate "2017.07.01"]
[EventType "swiss"]
[EventRounds "9"]
[EventCountry "CZE"]

1. d4 Nf6 2. Nf3 g6 3. g3 Bg7 4. Bg2 O-O 5. O-O d5 6. c4 dxc4 7. Na3 Nc6 8. Nxc4 Rb8 9. Nce5 Nxe5 10. dxe5 Ng4 11. Bf4 Qxd1 12. Rfxd1 Bh6 13. Rac1 Bxf4 14. gxf4 c6 15. Nd4 Bd7 16. h3 Nh6 17. e4 Rbd8 18. b4 Rc8 19. Bf1 Rfd8 20. Kg2 Kf8 21. Kg3 a6 22. Kh4 e6 23. Nb3 Be8 24. Rd6 Ke7 25. Rcd1 Rxd6 26. exd6+ Kd8 27. Nc5 Bd7 28. Nxb7+ Ke8 29. Bxa6 Rb8 30. a3 f6 31. Nc5 Nf7 32. Bc4 Nd8 33. Na6 Rb7 34. Nc7+ Kf7 35. f5 Ra7 36. Rd3 gxf5 37. exf5 Rb7 38. f4 Ra7 39. Re3 1-0

[Event "25th Klatovy B 2017"]
[Site "Klatovy CZE"]
[Date "2017.07.09"]
[Round "9.12"]
[White "Pravda, Krystof"]
[Black "Lener, Jaroslav 1975"]
[Result "1-0"]
[WhiteElo "1636"]
[BlackElo "1750"]
[PlyCount "67"]
[EventDate "2017.07.01"]
[EventType "swiss"]
[EventRounds "9"]
[EventCountry "CZE"]

1. e4 c5 2. Bc4 Nc6 3. c3 e6 4. Qe2 Na5 5. Bd3 Nf6 6. f4 d5 7. e5 Ng8 8. Bc2 Bd7 9. d4 Nc6 10. Nf3 cxd4 11. cxd4 Bb4+ 12. Nc3 Rc8 13. O-O Nge7 14. a3 Ba5 15. Nb5 Bc7 16. Nd6+ Bxd6 17. exd6 Qb6 18. dxe7 Nxd4 19. Nxd4 Qxd4+ 20. Kh1 Kxe7 21. Bd3 g6 22. Be3 Qa4 23. f5 gxf5 24. Rf4 Qc6 25. Rc1 Qd6 26. Bxf5 Rxc1+ 27. Bxc1 Rc8 28. Bd2 a5 29. Bxh7 b6 30. Rxf7+ Kxf7 31. Qh5+ Kg7 32. Bh6+ Kh8 33. Bg6 Qe7 34. Bf7 1-0

[Event "25th Klatovy B 2017"]
[Site "Klatovy CZE"]
[Date "2017.07.09"]
[Round "9.13"]
[White "Nechutny, Michal"]
[Black "Vavrinkova, Anna"]
[Result "1/2-1/2"]
[WhiteElo "1766"]
[BlackElo "1452"]
[PlyCount "71"]
[EventDate "2017.07.01"]
[EventType "swiss"]
[EventRounds "9"]
[EventCountry "CZE"]

1. e4 e5 2. Nf3 Nf6 3. Nxe5 d6 4. Nf3 Nxe4 5. Nc3 Nxc3 6. dxc3 Be7 7. Bf4 Bg4 8. Qd2 Nd7 9. Be2 Nc5 10. O-O-O Qd7 11. h3 Be6 12. a3 a6 13. Rhe1 O-O-O 14. Ng5 Bxg5 15. Bxg5 Ne4 16. Qe3 Nxg5 17. Qxg5 f6 18. Qe3 Rhe8 19. Qa7 c6 20. Bf3 d5 21. Qd4 Qf7 22. Re2 Bd7 23. Rde1 Rxe2 24. Rxe2 Re8 25. Qd2 Rxe2 26. Qxe2 Qe6 27. Qxe6 Bxe6 28. Kd2 Bf5 29. Be2 Kd7 30. Bd3 Ke6 31. g4 Be4 32. Ke3 f5 33. f3 Bxd3 34. cxd3 fxg4 35. fxg4 g5 36. d4 1/2-1/2

[Event "25th Klatovy B 2017"]
[Site "Klatovy CZE"]
[Date "2017.07.09"]
[Round "9.14"]
[White "Boucek, Vlastimil 1968"]
[Black "Stanik, Michal"]
[Result "0-1"]
[WhiteElo "1677"]
[BlackElo "1746"]
[PlyCount "118"]
[EventDate "2017.07.01"]
[EventType "swiss"]
[EventRounds "9"]
[EventCountry "CZE"]

1. e4 c5 2. Nf3 a6 3. d4 cxd4 4. Nxd4 Nf6 5. Nc3 e5 6. Nb3 Bb4 7. Qd3 Qc7 8. Bd2 b5 9. a3 Bxc3 10. Bxc3 Bb7 11. f3 Nc6 12. Nc5 Bc8 13. Rd1 O-O 14. Qd6 Qxd6 15. Rxd6 Ra7 16. Be2 Ne8 17. Rd2 d6 18. Nb3 f5 19. Bd3 Nf6 20. exf5 d5 21. Re2 e4 22. fxe4 dxe4 23. Bxe4 Nxe4 24. Rxe4 Bxf5 25. Re2 Bg4 26. Re3 Rd7 27. Rd3 Re7+ 28. Kd2 Rf2+ 29. Kc1 Ree2 30. Rd2 Rxd2 31. Nxd2 Rxg2 32. h4 Bf5 33. Rf1 g6 34. h5 Ne7 35. hxg6 hxg6 36. b4 Nd5 37. Bd4 Rg4 38. c3 Nf4 39. Kb2 Bd3 40. Rg1 Rxg1 41. Bxg1 Kf7 42. Kb3 g5 43. a4 bxa4+ 44. Kxa4 Ne2 45. Bd4 Nxd4 46. cxd4 g4 47. Kb3 Ke6 48. Kc3 Be2 49. Ne4 Bf3 50. Ng5+ Kf5 51. Nxf3 gxf3 52. Kd2 Ke4 53. d5 Kxd5 54. Ke3 Kc4 55. Kxf3 Kxb4 56. Ke3 Kc3 57. Ke2 a5 58. Kd1 Kb2 59. Kd2 a4 0-1

[Event "25th Klatovy B 2017"]
[Site "Klatovy CZE"]
[Date "2017.07.09"]
[Round "9.15"]
[White "Merinsky, Vaclav"]
[Black "Vavrinek, Tomas"]
[Result "0-1"]
[WhiteElo "1439"]
[BlackElo "1750"]
[PlyCount "62"]
[EventDate "2017.07.01"]
[EventType "swiss"]
[EventRounds "9"]
[EventCountry "CZE"]

1. e4 c5 2. Nf3 Nc6 3. d4 cxd4 4. Nxd4 Nf6 5. Nc3 e5 6. Nf3 Bb4 7. Bd2 Bxc3 8. Bxc3 Nxe4 9. Bd2 Qb6 10. Be3 Qxb2 11. Bd2 Nxd2 12. Nxd2 O-O 13. Bd3 d5 14. O-O e4 15. Be2 Nd4 16. c4 Nxe2+ 17. Qxe2 dxc4 18. Rfb1 Qc2 19. Rc1 Qd3 20. Qxd3 cxd3 21. Nc4 Be6 22. Ne5 Rfd8 23. Rd1 d2 24. h3 Rac8 25. Nf3 Rc2 26. Kh2 Bc4 27. Ng1 Bxa2 28. Nf3 Bc4 29. Ne1 Rb2 30. Rac1 Be2 31. Rxd2 Rbxd2 0-1

[Event "25th Klatovy B 2017"]
[Site "Klatovy CZE"]
[Date "2017.07.09"]
[Round "9.16"]
[White "Sibl, Vaclav"]
[Black "Rychtecky, Pavel"]
[Result "1-0"]
[WhiteElo "1961"]
[BlackElo "1643"]
[PlyCount "61"]
[EventDate "2017.07.01"]
[EventType "swiss"]
[EventRounds "9"]
[EventCountry "CZE"]

1. d4 Nf6 2. Nf3 d5 3. g3 g6 4. Bg2 Bg7 5. O-O O-O 6. c4 c6 7. Nc3 dxc4 8. Ne5 Nbd7 9. Nxc4 Nb6 10. Ne5 Nbd5 11. e4 Nxc3 12. bxc3 Qc7 13. Be3 Nd7 14. Nd3 e5 15. Rc1 b6 16. Qb3 a5 17. Rfd1 Re8 18. dxe5 a4 19. Qb1 Nxe5 20. Nxe5 Bxe5 21. Bxb6 Qe7 22. Qc2 Ra6 23. Be3 Be6 24. Rb1 c5 25. Rb5 Rc8 26. Rdb1 Bc4 27. Rb7 Qf6 28. f4 Bxa2 29. Qxa2 Bxc3 30. e5 Qf5 31. Bh3 1-0

[Event "25th Klatovy B 2017"]
[Site "Klatovy CZE"]
[Date "2017.07.09"]
[Round "9.17"]
[White "Perik, Alois"]
[Black "Kovar, Vaclav 1953"]
[Result "1/2-1/2"]
[WhiteElo "1870"]
[BlackElo "1650"]
[PlyCount "73"]
[EventDate "2017.07.01"]
[EventType "swiss"]
[EventRounds "9"]
[EventCountry "CZE"]

1. c4 c5 2. Nc3 Nf6 3. g3 Nc6 4. Bg2 e6 5. e4 d6 6. Nge2 Be7 7. O-O O-O 8. d4 cxd4 9. Nxd4 e5 10. Nc2 Be6 11. Nd5 Qd7 12. b3 Rad8 13. Bb2 Bh3 14. Qe2 Bxg2 15. Kxg2 Nxd5 16. cxd5 Nb8 17. Ne3 g6 18. f4 f6 19. f5 g5 20. h4 gxh4 21. gxh4 Kh8 22. Rg1 Rg8+ 23. Kh3 Bf8 24. Rxg8+ Kxg8 25. Rg1+ Kh8 26. Ng4 Qf7 27. Bc1 Bg7 28. Bh6 Rg8 29. Bxg7+ Qxg7 30. Rg2 Nd7 31. Ne3 Qf8 32. b4 a6 33. Rxg8+ Qxg8 34. Qh5 b5 35. Ng4 Qf8 36. Nh6 Kg7 37. Ng4 1/2-1/2

[Event "25th Klatovy B 2017"]
[Site "Klatovy CZE"]
[Date "2017.07.09"]
[Round "9.18"]
[White "Zimovcak, Zdenek"]
[Black "Vachal, Josef1"]
[Result "0-1"]
[WhiteElo "1623"]
[BlackElo "1872"]
[PlyCount "42"]
[EventDate "2017.07.01"]
[EventType "swiss"]
[EventRounds "9"]
[EventCountry "CZE"]

1. d4 Nf6 2. Nf3 g6 3. c3 Bg7 4. e4 Nxe4 5. Bd3 Nf6 6. O-O O-O 7. Re1 d6 8. h3 Nbd7 9. Bg5 b6 10. Nbd2 Bb7 11. Nh2 Re8 12. Re2 c5 13. dxc5 Nxc5 14. Bc2 Ne6 15. Be3 Nd5 16. Bb3 Ndf4 17. Re1 Nxg2 18. Rf1 Nef4 19. Ndf3 Ba6 20. c4 Bxb2 21. Rb1 Bf6 0-1